[Event "XVII. DBMM Schach"]
[Site "Berlin"]
[Date "2017.11.04"]
[Round "5.2"]
[White "Hortolani, Sven Holger"]
[Black "Lehmann, Michael"]
[Result "1-0"]
[WhiteElo "2149"]
[BlackElo "1722"]
[Annotator "br"]
[PlyCount "77"]
[EventDate "2017.??.??"]
[EventType "team-swiss"]
[EventRounds "7"]
[EventCountry "GER"]
[SourceTitle "XVII. DBMM 2017"]
[Source "FV Schach e.V."]
[SourceDate "2018.05.26"]
[SourceVersion "1"]
[SourceVersionDate "2018.05.26"]
[SourceQuality "1"]
[WhiteTeam "EKJ Herne und Wanne-Eickel"]
[BlackTeam "BA Tempelhof Berlin III"]
[WhiteTeamCountry "GER"]
[BlackTeamCountry "GER"]

1. Nf3 d5 2. g3 Nf6 3. Bg2 c5 4. O-O Nc6 5. d4 Bf5 6. c4 e6 7. cxd5 Nxd5 8. Nc3
Nf6 9. Qa4 Be7 10. Ne5 O-O 11. Nxc6 bxc6 12. dxc5 Bxc5 13. Qxc6 Rc8 14. Qa4 Qb6
15. e4 Bg6 16. e5 Ne8 17. Qb3 Bd4 18. Qxb6 axb6 19. Bf4 Bxc3 20. bxc3 Rxc3 21.
Bd2 Rc8 22. Bb4 Nc7 23. Bxf8 Rxf8 24. Rac1 Nd5 25. Rc6 b5 26. Bxd5 exd5 27.
Rfc1 Bd3 28. Rc8 Bc4 29. Rxf8+ Kxf8 30. Rc2 Ke7 31. f4 Ke6 32. Kf2 d4 33. Rxc4
bxc4 34. a4 c3 35. Ke2 c2 36. Kd2 d3 37. a5 Kd5 38. a6 Kc6 39. f5 1-0

[Event "XVII. DBMM Schach"]
[Site "Berlin"]
[Date "2017.11.04"]
[Round "5.3"]
[White "Schneider, Eckehard"]
[Black "Leveikina, Jevgenija"]
[Result "0-1"]
[WhiteElo "1842"]
[BlackElo "2099"]
[Annotator "br"]
[PlyCount "64"]
[EventDate "2017.??.??"]
[EventType "team-swiss"]
[EventRounds "7"]
[EventCountry "GER"]
[SourceTitle "XVII. DBMM 2017"]
[Source "FV Schach e.V."]
[SourceDate "2018.05.26"]
[SourceVersion "1"]
[SourceVersionDate "2018.05.26"]
[SourceQuality "1"]
[WhiteTeam "BA Tempelhof Berlin III"]
[BlackTeam "EKJ Herne und Wanne-Eickel"]
[WhiteTeamCountry "GER"]
[BlackTeamCountry "GER"]

1. e4 c6 2. d4 d5 3. Nc3 dxe4 4. Nxe4 Bf5 5. Ng3 Bg6 6. Nf3 e6 7. Ne5 Nd7 8.
Nxg6 hxg6 9. Bd3 Ngf6 10. Bc4 Nb6 11. Bb3 Nbd5 12. Bd2 Bd6 13. Qf3 Ne7 14.
O-O-O Nf5 15. Nxf5 gxf5 16. Bg5 Be7 17. h3 Ne4 18. Bxe7 Qxe7 19. Rhe1 Qg5+ 20.
Re3 O-O-O 21. c3 Rh4 22. g3 Rxh3 23. Bc2 Nf6 24. Kb1 Qg4 25. Qe2 Qxe2 26. Rxe2
Rdh8 27. c4 Rh1 28. Ree1 Rxe1 29. Rxe1 Rh2 30. Bb3 Rxf2 31. d5 Ne4 32. dxe6
fxe6 0-1

[Event "XVII. DBMM Schach"]
[Site "Berlin"]
[Date "2017.11.04"]
[Round "5.4"]
[White "Selmanaj, Agim"]
[Black "Meseck, Michael"]
[Result "0-1"]
[WhiteElo "1643"]
[BlackElo "1514"]
[Annotator "br"]
[PlyCount "72"]
[EventDate "2017.??.??"]
[EventType "team-swiss"]
[EventRounds "7"]
[EventCountry "GER"]
[SourceTitle "XVII. DBMM 2017"]
[Source "FV Schach e.V."]
[SourceDate "2018.05.26"]
[SourceVersion "1"]
[SourceVersionDate "2018.05.26"]
[SourceQuality "1"]
[WhiteTeam "EKJ Herne und Wanne-Eickel"]
[BlackTeam "BA Tempelhof Berlin III"]
[WhiteTeamCountry "GER"]
[BlackTeamCountry "GER"]

1. e4 e5 2. Bc4 Nf6 3. d3 Nc6 4. a3 a6 5. Nc3 b5 6. Ba2 Bc5 7. Be3 Qe7 8. Nd5
Nxd5 9. Bxd5 Bxe3 10. fxe3 Qg5 11. Qf3 O-O 12. Ne2 Bb7 13. O-O Qe7 14. Ng3 g6
15. Rf2 Rab8 16. Raf1 Nd8 17. Ba2 Ne6 18. Qe2 d6 19. Rf6 Bc8 20. h4 Nf4 21.
R6xf4 exf4 22. Rxf4 Be6 23. Bd5 Bxd5 24. exd5 Rbe8 25. Kf2 Qe5 26. Qf3 Qxb2 27.
Qe2 Qe5 28. Qf3 Qc3 29. Ne2 Qxc2 30. h5 Qxd3 31. h6 f5 32. Rd4 Qxa3 33. Nf4
Qb2+ 34. Kg3 Qc1 35. Ne6 Qe1+ 36. Kf4 Qh4+ 0-1

[Event "XVII. DBMM Schach"]
[Site "Berlin"]
[Date "2017.11.04"]
[Round "5.1"]
[White "Elster, Ulrich"]
[Black "Bladt, Friedhelm"]
[Result "1/2-1/2"]
[WhiteElo "1881"]
[BlackElo "2018"]
[Annotator "br"]
[PlyCount "34"]
[EventDate "2017.??.??"]
[EventType "team-swiss"]
[EventRounds "7"]
[EventCountry "GER"]
[SourceTitle "XVII. DBMM 2017"]
[Source "FV Schach e.V."]
[SourceDate "2018.05.26"]
[SourceVersion "1"]
[SourceVersionDate "2018.05.26"]
[SourceQuality "1"]
[WhiteTeam "Vodafone II"]
[BlackTeam "SG Bayer Berlin"]
[WhiteTeamCountry "GER"]
[BlackTeamCountry "GER"]

1. d4 d6 2. e4 Nf6 3. Nc3 e5 4. Nf3 exd4 5. Nxd4 Be7 6. Bc4 O-O 7. O-O c6 8. a4
b6 9. Bf4 Re8 10. e5 dxe5 11. Bxe5 Bc5 12. Nf3 Qxd1 13. Raxd1 Nbd7 14. Bc7 h6
15. Rfe1 Bb7 16. h3 Rxe1+ 17. Rxe1 Re8 1/2-1/2

[Event "XVII. DBMM Schach"]
[Site "Berlin"]
[Date "2017.11.04"]
[Round "5.2"]
[White "Voss, Ingo"]
[Black "Kludszuweit, Kim Ira"]
[Result "1-0"]
[WhiteElo "2116"]
[BlackElo "1665"]
[Annotator "br"]
[PlyCount "72"]
[EventDate "2017.??.??"]
[EventType "team-swiss"]
[EventRounds "7"]
[EventCountry "GER"]
[SourceTitle "XVII. DBMM 2017"]
[Source "FV Schach e.V."]
[SourceDate "2018.05.26"]
[SourceVersion "1"]
[SourceVersionDate "2018.05.26"]
[SourceQuality "1"]
[WhiteTeam "SG Bayer Berlin"]
[BlackTeam "Vodafone II"]
[WhiteTeamCountry "GER"]
[BlackTeamCountry "GER"]

1. e4 c5 2. f4 Nc6 3. Nf3 e6 4. Nc3 Be7 5. Bc4 d6 6. O-O Nf6 7. d3 O-O 8. Kh1
d5 9. Bb5 a6 10. Bxc6 bxc6 11. Qe2 d4 12. Na4 a5 13. b3 Rb8 14. Ne5 Qc7 15. Ba3
Nd7 16. Nxd7 Qxd7 17. Bxc5 Bxc5 18. Nxc5 Qd6 19. Na4 e5 20. Qh5 exf4 21. Qxa5
Rb5 22. Qd2 f5 23. Rxf4 fxe4 24. Rxf8+ Qxf8 25. dxe4 Qf6 26. Kg1 h6 27. Qf2 Qe5
28. Rd1 c5 29. Qe2 Rb8 30. Qc4+ Be6 31. Qxc5 Qxe4 32. Qxd4 Qxc2 33. Nc5 Bf7 34.
Rf1 Re8 35. Qf2 Re2 36. Qxf7+ Kh7 1-0

[Event "XVII. DBMM Schach"]
[Site "Berlin"]
[Date "2017.11.04"]
[Round "5.3"]
[White "Baader, Matthieu"]
[Black "Froehlich, Sergej"]
[Result "0-1"]
[WhiteElo "1492"]
[BlackElo "1763"]
[Annotator "br"]
[PlyCount "46"]
[EventDate "2017.??.??"]
[EventType "team-swiss"]
[EventRounds "7"]
[EventCountry "GER"]
[SourceTitle "XVII. DBMM 2017"]
[Source "FV Schach e.V."]
[SourceDate "2018.05.26"]
[SourceVersion "1"]
[SourceVersionDate "2018.05.26"]
[SourceQuality "1"]
[WhiteTeam "Vodafone II"]
[BlackTeam "SG Bayer Berlin"]
[WhiteTeamCountry "GER"]
[BlackTeamCountry "GER"]

1. c4 c6 2. Nc3 d5 3. cxd5 cxd5 4. d4 Nf6 5. e3 e6 6. a3 Be7 7. f4 O-O 8. Bd3
b6 9. Nge2 Bb7 10. Ng3 Nbd7 11. O-O Ne8 12. Nge2 Nd6 13. Bd2 Nf6 14. Ng3 a6 15.
Rc1 Nc4 16. Rc2 Rc8 17. Bxc4 dxc4 18. Be1 Qc7 19. Na4 Rfd8 20. b4 b5 21. Nb2
Qd7 22. a4 Nd5 23. axb5 axb5 0-1

[Event "XVII. DBMM Schach"]
[Site "Berlin"]
[Date "2017.11.04"]
[Round "5.4"]
[White "Althaus, Boris"]
[Black "Renzelmann, Volker"]
[Result "1/2-1/2"]
[WhiteElo "1414"]
[BlackElo "1395"]
[Annotator "br"]
[PlyCount "112"]
[EventDate "2017.??.??"]
[EventType "team-swiss"]
[EventRounds "7"]
[EventCountry "GER"]
[SourceTitle "XVII. DBMM 2017"]
[Source "FV Schach e.V."]
[SourceDate "2018.05.26"]
[SourceVersion "1"]
[SourceVersionDate "2018.05.26"]
[SourceQuality "1"]
[WhiteTeam "SG Bayer Berlin"]
[BlackTeam "Vodafone II"]
[WhiteTeamCountry "GER"]
[BlackTeamCountry "GER"]

1. e4 c5 2. Nf3 e6 3. Nc3 Nc6 4. Bb5 a6 5. Ba4 b5 6. Bb3 c4 7. Bxc4 bxc4 8. b3
cxb3 9. axb3 Bb4 10. Bb2 Nf6 11. O-O O-O 12. d4 d5 13. e5 Nd7 14. Qd3 f6 15.
Rfe1 fxe5 16. dxe5 Rf5 17. Re2 Ndxe5 18. Nxe5 Nxe5 19. Qd4 Qd6 20. Nb5 Qc5 21.
Rxe5 Qxd4 22. Bxd4 Rxe5 23. Bxe5 Bd7 24. Nc7 Rc8 25. Rxa6 Kf7 26. h3 d4 27. f4
Bc5 28. Kf1 Rxc7 29. Bxc7 Bb5+ 30. Ke1 Bxa6 31. Be5 Bb4+ 32. Kd1 d3 33. c3 Bc5
34. Kd2 g6 35. g4 Ke7 36. c4 Kd7 37. Kxd3 Bb7 38. Bd4 Kd6 39. Kc3 Bg2 40. Bxc5+
Kxc5 41. b4+ Kb6 42. h4 Bf3 43. g5 Kc6 44. Kd4 Kd6 45. b5 Bb7 46. c5+ Kd7 47.
Ke5 Bd5 48. Kf6 Bc4 49. Kg7 Bxb5 50. Kxh7 Bd3 51. Kg7 Bf5 52. Kh6 Kc6 53. h5
gxh5 54. Kxh5 Kxc5 55. g6 Bxg6+ 56. Kxg6 Kd5 1/2-1/2

[Event "XVII. DBMM Schach"]
[Site "Berlin"]
[Date "2017.11.04"]
[Round "5.1"]
[White "Piotrowski, Roger"]
[Black "Hufnagel, Markus"]
[Result "0-1"]
[WhiteElo "1756"]
[BlackElo "1693"]
[Annotator "br"]
[PlyCount "60"]
[EventDate "2017.??.??"]
[EventType "team-swiss"]
[EventRounds "7"]
[EventCountry "GER"]
[SourceTitle "XVII. DBMM 2017"]
[Source "FV Schach e.V."]
[SourceDate "2018.05.26"]
[SourceVersion "1"]
[SourceVersionDate "2018.05.26"]
[SourceQuality "1"]
[WhiteTeam "Telestern Berlin"]
[BlackTeam "Deutsche Bahn Oberhausen"]
[WhiteTeamCountry "GER"]
[BlackTeamCountry "GER"]

1. d4 Nf6 2. Nf3 d5 3. Bf4 Bf5 4. e3 e6 5. Nbd2 Be7 6. Bd3 Bxd3 7. cxd3 O-O 8.
Rc1 Nc6 9. O-O Nh5 10. Bg3 Nxg3 11. hxg3 Nb4 12. Nb3 Nxa2 13. Ra1 Nb4 14. Nc5
Bxc5 15. dxc5 b6 16. Rc1 bxc5 17. Rxc5 Rb8 18. Qd2 Qd6 19. Rfc1 c6 20. Nd4 Rb6
21. b3 e5 22. Ne2 h6 23. d4 e4 24. Nc3 Nd3 25. Na4 Ra6 26. Qe2 Rb8 27. R1c3 Qg6
28. Rxd3 exd3 29. Qd1 d2 30. Rc3 Rxa4 0-1

[Event "XVII. DBMM Schach"]
[Site "Berlin"]
[Date "2017.11.04"]
[Round "5.2"]
[White "Grunwald, Guenther"]
[Black "Meseck, Klaus"]
[Result "0-1"]
[WhiteElo "1611"]
[BlackElo "1731"]
[Annotator "br"]
[PlyCount "77"]
[EventDate "2017.??.??"]
[EventType "team-swiss"]
[EventRounds "7"]
[EventCountry "GER"]
[SourceTitle "XVII. DBMM 2017"]
[Source "FV Schach e.V."]
[SourceDate "2018.05.26"]
[SourceVersion "1"]
[SourceVersionDate "2018.05.26"]
[SourceQuality "1"]
[WhiteTeam "Deutsche Bahn Oberhausen"]
[BlackTeam "Telestern Berlin"]
[WhiteTeamCountry "GER"]
[BlackTeamCountry "GER"]

1. e4 c5 2. c3 Nc6 3. d4 cxd4 4. cxd4 d5 5. e5 e6 6. Nc3 a6 7. Nf3 Bb4 8. Be2
Bd7 9. O-O Nge7 10. Bd3 Ng6 11. a3 Be7 12. b4 b5 13. Be3 Nh4 14. Nxh4 Bxh4 15.
Qg4 g6 16. g3 Be7 17. Qd1 f5 18. f4 g5 19. Qh5+ Kf8 20. fxg5 Be8 21. Qh6+ Kg8
22. Ne2 Bg6 23. Qh4 h6 24. Qf4 hxg5 25. Qf3 Bh5 26. Qf2 Bg4 27. Rfc1 Qe8 28.
Rc3 Kg7 29. Nc1 Rc8 30. Nb3 Qh5 31. Rac1 Na7 32. Rxc8 Nxc8 33. Rc6 Bh3 34. Be2
Bg4 35. Bxg4 Qxg4 36. Qc2 f4 37. Bf2 Qh3 38. Be1 fxg3 39. Bxg3 {Rest
unleserlich.} 0-1

[Event "XVII. DBMM Schach"]
[Site "Berlin"]
[Date "2017.11.04"]
[Round "5.2"]
[White "Lau, Peter"]
[Black "Obermeier, Karlheinz"]
[Result "1-0"]
[WhiteElo "1743"]
[BlackElo "1526"]
[Annotator "br"]
[PlyCount "65"]
[EventDate "2017.??.??"]
[EventType "team-swiss"]
[EventRounds "7"]
[EventCountry "GER"]
[SourceTitle "XVII. DBMM 2017"]
[Source "FV Schach e.V."]
[SourceDate "2018.05.26"]
[SourceVersion "1"]
[SourceVersionDate "2018.05.26"]
[SourceQuality "1"]
[WhiteTeam "Sparkassen-Vers. Stuttgart II"]
[BlackTeam "ADAC Muenchen II"]
[WhiteTeamCountry "GER"]
[BlackTeamCountry "GER"]

1. e4 e5 2. Nf3 Nc6 3. Bb5 d6 4. O-O Bd7 5. c3 Nf6 6. Re1 Be7 7. d3 O-O 8. Nbd2
a6 9. Ba4 b5 10. Bc2 Bg4 11. h3 Bd7 12. Nf1 Qc8 13. Ng3 Nd8 14. Be3 Ne6 15. Nf5
Bd8 16. d4 exd4 17. cxd4 h6 18. Rc1 Re8 19. Bb1 Nf8 20. Nxd6 Qb8 21. Nxe8 Bxe8
22. Ne5 Qb7 23. d5 Rc8 24. Nc6 Bxc6 25. Rxc6 N8d7 26. Bd4 Be7 27. Qc2 Ne8 28.
e5 Nf8 29. Rc1 Bd8 30. Be3 Be7 31. d6 Nxd6 32. exd6 Bxd6 33. Rxd6 1-0

[Event "XVII. DBMM Schach"]
[Site "Berlin"]
[Date "2017.11.04"]
[Round "5.3"]
[White "Laijh, Anton"]
[Black "Wirth, Volker"]
[Result "1/2-1/2"]
[WhiteElo "1541"]
[BlackElo "1738"]
[Annotator "br"]
[PlyCount "48"]
[EventDate "2017.??.??"]
[EventType "team-swiss"]
[EventRounds "7"]
[EventCountry "GER"]
[SourceTitle "XVII. DBMM 2017"]
[Source "FV Schach e.V."]
[SourceDate "2018.05.26"]
[SourceVersion "1"]
[SourceVersionDate "2018.05.26"]
[SourceQuality "1"]
[WhiteTeam "ADAC Muenchen II"]
[BlackTeam "Sparkassen-Vers. Stuttgart II"]
[WhiteTeamCountry "GER"]
[BlackTeamCountry "GER"]

1. e4 c5 2. Bc4 Nc6 3. a3 a6 4. Nf3 d6 5. h3 Nf6 6. d3 e6 7. O-O b5 8. Ba2 Be7
9. c3 O-O 10. Nh2 d5 11. exd5 exd5 12. f4 Bf5 13. Be3 d4 14. cxd4 Nxd4 15. Nc3
Qd7 16. g4 Bxd3 17. Rf2 c4 18. Nf3 Nxf3+ 19. Qxf3 Rfd8 20. Re1 Nd5 21. Nxd5
Qxd5 22. Qxd5 Rxd5 23. Rd1 Rad8 24. Rfd2 Be4 1/2-1/2

[Event "XVII. DBMM Schach"]
[Site "Berlin"]
[Date "2017.11.04"]
[Round "5.4"]
[White "Brethauer, Tim"]
[Black "Zunk, Olaf"]
[Result "1/2-1/2"]
[WhiteElo "1641"]
[BlackElo "1352"]
[Annotator "br"]
[PlyCount "44"]
[EventDate "2017.??.??"]
[EventType "team-swiss"]
[EventRounds "7"]
[EventCountry "GER"]
[SourceTitle "XVII. DBMM 2017"]
[Source "FV Schach e.V."]
[SourceDate "2018.05.26"]
[SourceVersion "1"]
[SourceVersionDate "2018.05.26"]
[SourceQuality "1"]
[WhiteTeam "Sparkassen-Vers. Stuttgart II"]
[BlackTeam "ADAC Muenchen II"]
[WhiteTeamCountry "GER"]
[BlackTeamCountry "GER"]

1. e4 b6 2. d4 Bb7 3. Nc3 e6 4. Bd3 Bb4 5. Bd2 Bxc3 6. Bxc3 Nf6 7. f3 d5 8. e5
Nfd7 9. Qd2 O-O 10. O-O-O c5 11. Qf2 c4 12. Be2 a5 13. h4 b5 14. Qg3 b4 15. Bd2
Re8 16. Bh6 g6 17. h5 Nf8 18. Bxf8 Rxf8 19. hxg6 fxg6 20. Qh3 Qg5+ 21. Kb1 Qe7
22. Qh6 Qg7 1/2-1/2

[Event "XVII. DBMM Schach"]
[Site "Berlin"]
[Date "2017.11.04"]
[Round "5.1"]
[White "Bissinger, Gerhard"]
[Black "Huebner, Detlef"]
[Result "1/2-1/2"]
[WhiteElo "1595"]
[BlackElo "1573"]
[Annotator "br"]
[PlyCount "53"]
[EventDate "2017.??.??"]
[EventType "team-swiss"]
[EventRounds "7"]
[EventCountry "GER"]
[SourceTitle "XVII. DBMM 2017"]
[Source "FV Schach e.V."]
[SourceDate "2018.05.26"]
[SourceVersion "1"]
[SourceVersionDate "2018.05.26"]
[SourceQuality "1"]
[WhiteTeam "SV Rapid Unilever Hamburg"]
[BlackTeam "AGI Frankfurt II"]
[WhiteTeamCountry "GER"]
[BlackTeamCountry "GER"]

1. e4 c6 2. c4 d5 3. cxd5 cxd5 4. exd5 Qxd5 5. Nc3 Qe5+ 6. Be2 Bf5 7. d4 Qc7 8.
Nf3 Nf6 9. Be3 e6 10. Rc1 Qd8 11. O-O Be7 12. Qa4+ Nbd7 13. Rfd1 O-O 14. Ne5
Nb6 15. Qb3 Nfd5 16. Bf3 f6 17. Nxd5 exd5 18. Nd3 Be6 19. Nc5 Bc8 20. a4 Nc4
21. Bxd5+ Qxd5 22. Qxc4 Qxc4 23. Rxc4 b6 24. Nd3 Be6 25. Rc7 Bd6 26. Rc6 Bb3
27. Ra1 1/2-1/2

[Event "XVII. DBMM Schach"]
[Site "Berlin"]
[Date "2017.11.04"]
[Round "5.3"]
[White "Amini, Mahmood"]
[Black "Klowski, Bjoern Sigurd"]
[Result "0-1"]
[WhiteElo "1699"]
[BlackElo "1681"]
[Annotator "br"]
[PlyCount "84"]
[EventDate "2017.??.??"]
[EventType "team-swiss"]
[EventRounds "7"]
[EventCountry "GER"]
[SourceTitle "XVII. DBMM 2017"]
[Source "FV Schach e.V."]
[SourceDate "2018.05.26"]
[SourceVersion "1"]
[SourceVersionDate "2018.05.26"]
[SourceQuality "1"]
[WhiteTeam "SV Rapid Unilever Hamburg"]
[BlackTeam "AGI Frankfurt II"]
[WhiteTeamCountry "GER"]
[BlackTeamCountry "GER"]

1. e4 e5 2. Nf3 Nc6 3. Bc4 Bc5 4. Nc3 Nf6 5. d3 O-O 6. Bg5 h6 7. Bh4 d6 8. Nd5
Be6 9. Nxf6+ gxf6 10. Qd2 Kh7 11. O-O-O Rg8 12. Bg3 Qe7 13. Nh4 a5 14. Nf5 Bxf5
15. exf5 Nd4 16. Bd5 c6 17. Bb3 a4 18. Bc4 b5 19. c3 Nxf5 20. d4 bxc4 21. dxc5
d5 22. Qc2 Qe6 23. Rhe1 Rgb8 24. Bxe5 fxe5 25. g4 e4 26. gxf5 Qxf5 27. Re3 a3
28. bxa3 Rxa3 29. Kd2 Qxf2+ 30. Re2 Qf4+ 31. Ke1 f5 32. Rb1 Rxc3 33. Rxb8 Rxc2
34. Rb7+ Kg6 35. Rxc2 Qe3+ 36. Re2 Qxc5 37. Rg2+ Kf6 38. Rgg7 c3 39. Rbe7 Qe3+
40. Kf1 c2 41. Rgf7+ Kg5 42. Rg7+ Kf4 0-1

[Event "XVII. DBMM Schach"]
[Site "Berlin"]
[Date "2017.11.04"]
[Round "5.1"]
[White "Raum, Norbert"]
[Black "Achermann, Didier"]
[Result "0-1"]
[WhiteElo "1833"]
[BlackElo "1811"]
[Annotator "br"]
[PlyCount "188"]
[EventDate "2017.??.??"]
[EventType "team-swiss"]
[EventRounds "7"]
[EventCountry "GER"]
[SourceTitle "XVII. DBMM 2017"]
[Source "FV Schach e.V."]
[SourceDate "2018.05.26"]
[SourceVersion "1"]
[SourceVersionDate "2018.05.26"]
[SourceQuality "1"]
[WhiteTeam "Baubehoerde Hamburg II"]
[BlackTeam "Europäisches Patentamt Muenchen II"]
[WhiteTeamCountry "GER"]
[BlackTeamCountry "GER"]

1. e4 c5 2. d3 d6 3. Nf3 Nf6 4. Be2 e6 5. O-O Be7 6. c3 O-O 7. Qc2 Nbd7 8. c4
a6 9. Nc3 b6 10. Re1 Bb7 11. Bg5 Rc8 12. b3 h6 13. Bh4 Re8 14. a3 Qc7 15. Rab1
Bf8 16. h3 Nh5 17. Nh2 Nf4 18. Bg3 $11 Nxe2+ 19. Qxe2 Be7 20. f4 Qb8 21. Ng4
Qa8 22. a4 Rcd8 23. Rbc1 Nb8 24. Qa2 Nc6 25. Bf2 Nb4 26. Qe2 d5 27. Nh2 dxc4
28. dxc4 Nd3 29. Rcd1 Nxe1 30. Rxe1 Rd7 31. Nf3 Bf6 32. e5 Be7 33. Be3 Red8 34.
Rd1 Rxd1+ 35. Nxd1 Rd7 36. Nf2 Qd8 37. Kh2 Bc6 38. Qc2 Qa8 39. Ne1 Qb7 40. g3
Qc7 41. Qb1 Qd8 42. Qc2 Qe8 43. Qb1 Qd8 44. Qc2 h5 45. Qb1 Qe8 46. Qc2 Rd8 47.
Qb1 f6 48. Qc2 Qf7 49. h4 fxe5 50. fxe5 Rd7 51. Qb1 Bd8 52. Qc2 Bc7 53. Bf4 Rd4
54. Be3 Rd8 55. Bf4 Rf8 56. Nh3 Qf5 57. Qxf5 Rxf5 58. Ng5 Bxe5 59. Nxe6 Bd7 60.
Nd3 Bxf4 61. Nexf4 Bc6 62. Nf2 Kf7 63. N2h3 Kf6 64. Ng5 g6 65. Kg1 Ke5 66.
Nxg6+ Kf6 67. Nf4 Rxf4 68. gxf4 Kf5 69. Nh3 Be4 70. Kf2 Bc2 71. Ke3 Bxb3 72.
Nf2 Bxa4 73. Ne4 Bd7 74. Nf2 Bc6 75. Nd3 Ba4 76. Ne5 Ke6 77. Kd3 Bb3 78. Kc3
Ba4 79. Kd3 Kf5 80. Ke3 Be8 81. Kf3 b5 82. Ke3 b4 83. Nd3 a5 84. Nxc5 a4 85.
Kd4 Bc6 86. Nd3 b3 87. Kc3 Ke4 88. Nb4 Bb7 89. c5 Kxf4 90. c6 Bc8 91. Nd5+ Kg3
92. Ne7 Be6 93. Kb2 Kxh4 94. c7 Kg5 {Zeit} 0-1

[Event "XVII. DBMM Schach"]
[Site "Berlin"]
[Date "2017.11.04"]
[Round "5.2"]
[White "Junker, Carsten"]
[Black "Hoffeins, Hans Werner"]
[Result "1/2-1/2"]
[WhiteElo "1715"]
[BlackElo "1512"]
[Annotator "br"]
[PlyCount "40"]
[EventDate "2017.??.??"]
[EventType "team-swiss"]
[EventRounds "7"]
[EventCountry "GER"]
[SourceTitle "XVII. DBMM 2017"]
[Source "FV Schach e.V."]
[SourceDate "2018.05.26"]
[SourceVersion "1"]
[SourceVersionDate "2018.05.26"]
[SourceQuality "1"]
[WhiteTeam "Europäisches Patentamt Muenchen II"]
[BlackTeam "Baubehoerde Hamburg II"]
[WhiteTeamCountry "GER"]
[BlackTeamCountry "GER"]

1. c4 Nf6 2. Nf3 d6 3. d4 g6 4. g3 Bg7 5. Bg2 O-O 6. O-O Nbd7 7. Nc3 c6 8. Qc2
Re8 9. Rd1 Qc7 10. b3 e5 11. dxe5 dxe5 12. e4 b6 13. Ba3 Bf8 14. Bxf8 Nxf8 15.
h3 Bb7 16. Rd2 Rad8 17. Rad1 Ne6 18. Rxd8 Rxd8 19. Rxd8+ Nxd8 20. Qd2 Ne6
1/2-1/2

[Event "XVII. DBMM Schach"]
[Site "Berlin"]
[Date "2017.11.04"]
[Round "5.4"]
[White "Mueller, Gerd"]
[Black "Bockelmann, Rolf"]
[Result "1-0"]
[WhiteElo "1867"]
[BlackElo "1662"]
[Annotator "br"]
[PlyCount "77"]
[EventDate "2017.??.??"]
[EventType "team-swiss"]
[EventRounds "7"]
[EventCountry "GER"]
[SourceTitle "XVII. DBMM 2017"]
[Source "FV Schach e.V."]
[SourceDate "2018.05.26"]
[SourceVersion "1"]
[SourceVersionDate "2018.05.26"]
[SourceQuality "1"]
[WhiteTeam "Europäisches Patentamt Muenchen II"]
[BlackTeam "Baubehoerde Hamburg II"]
[WhiteTeamCountry "GER"]
[BlackTeamCountry "GER"]

1. c4 Nf6 2. Nc3 d5 3. cxd5 Nxd5 4. g3 e5 5. Qb3 Nb6 6. Bg2 Be6 7. Qb5+ c6 8.
Qxe5 N8d7 9. Qa5 Bd6 10. d3 O-O 11. Nf3 h6 12. Ne4 Bc7 13. Qd2 Nd5 14. a3 f5
15. Nc3 f4 16. b4 a5 17. Nxd5 Bxd5 18. O-O axb4 19. Qxb4 b5 20. Bb2 Ra4 21. Qc3
Qe7 22. Nd4 Be5 $11 23. Bxd5+ cxd5 24. Nc6 Bxc3 25. Nxe7+ Kf7 26. Bxc3 Kxe7 27.
Bb4+ Kf7 28. Bxf8 Kxf8 29. Rfb1 fxg3 30. fxg3 Ra5 31. Rb4 Ke7 32. a4 bxa4 33.
Raxa4 Rc5 34. Rb7 Kd6 35. Ra6+ Rc6 36. Raa7 Ne5 37. Rxg7 Rc1+ 38. Kg2 Rc2 39.
d4 1-0

[Event "XVII. DBMM Schach"]
[Site "Berlin"]
[Date "2017.11.04"]
[Round "5.1"]
[White "Warnest, Stefan"]
[Black "Decker, Ingo"]
[Result "0-1"]
[WhiteElo "1531"]
[BlackElo "1647"]
[Annotator "br"]
[PlyCount "110"]
[EventDate "2017.??.??"]
[EventType "team-swiss"]
[EventRounds "7"]
[EventCountry "GER"]
[SourceTitle "XVII. DBMM 2017"]
[Source "FV Schach e.V."]
[SourceDate "2018.05.26"]
[SourceVersion "1"]
[SourceVersionDate "2018.05.26"]
[SourceQuality "1"]
[WhiteTeam "BA Tempelhof Berlin IV"]
[BlackTeam "SG Airbus Bremen"]
[WhiteTeamCountry "GER"]
[BlackTeamCountry "GER"]

1. e4 e5 2. Nf3 Nc6 3. Bb5 Nd4 4. Nc3 Nxb5 5. Nxb5 a6 6. Nc3 d6 7. d4 exd4 8.
Qxd4 Qf6 9. Qxf6 Nxf6 10. O-O h6 11. Re1 Be6 12. Nd5 O-O-O 13. c4 Nd7 14. b3 c6
15. Nf4 Bg4 16. Nd4 g5 17. Nd3 Bg7 18. Bb2 Rde8 19. h3 Bh5 20. Nf5 Bxb2 21.
Nxb2 Rd8 22. Nxd6+ Kc7 23. Nf5 Bg6 24. Rad1 Bxf5 25. exf5 Rhe8 26. g4 Ne5 27.
Kg2 f6 28. Rxd8 Rxd8 29. Rd1 Rd6 30. Rxd6 Kxd6 31. b4 b5 32. cxb5 axb5 33. Kg3
Kd5 34. f4 gxf4+ 35. Kxf4 Kd4 36. a3 Nc4 37. Nd1 Nxa3 38. h4 Nc4 39. g5 hxg5+
40. hxg5 fxg5+ 41. Kxg5 Nd6 42. Kg6 Nxf5 43. Kxf5 Kc4 44. Ke5 Kxb4 45. Nb2 c5
46. Nd3+ Kc4 47. Ke4 b4 48. Nb2+ Kb3 49. Nd1 c4 50. Kd4 c3 51. Ne3 c2 52. Nxc2
Kxc2 53. Kc4 b3 54. Kb4 b2 55. Ka3 b1=Q 0-1

[Event "XVII. DBMM Schach"]
[Site "Berlin"]
[Date "2017.11.04"]
[Round "5.2"]
[White "Jacobsen, Ruediger"]
[Black "Frahm, Werner"]
[Result "1/2-1/2"]
[WhiteElo "1497"]
[BlackElo "1527"]
[Annotator "br"]
[PlyCount "66"]
[EventDate "2017.??.??"]
[EventType "team-swiss"]
[EventRounds "7"]
[EventCountry "GER"]
[SourceTitle "XVII. DBMM 2017"]
[Source "FV Schach e.V."]
[SourceDate "2018.05.26"]
[SourceVersion "1"]
[SourceVersionDate "2018.05.26"]
[SourceQuality "1"]
[WhiteTeam "SG Airbus Bremen"]
[BlackTeam "BA Tempelhof Berlin IV"]
[WhiteTeamCountry "GER"]
[BlackTeamCountry "GER"]

1. e4 c5 2. Nc3 Nc6 3. Nf3 d6 4. a3 Bg4 5. Be2 g6 6. d3 Bg7 7. h3 Bd7 8. Be3
Rc8 9. O-O Nd4 10. Rb1 b6 11. Qd2 Bc6 12. Nd1 Nxe2+ 13. Qxe2 d5 14. e5 Nh6 15.
Bf4 O-O 16. d4 Nf5 17. c3 Qd7 18. g4 Bb5 19. Qd2 Bxf1 20. Kxf1 Nxd4 21. cxd4
cxd4 22. Bh6 Qb5+ 23. Kg2 d3 24. Bxg7 Kxg7 25. Nc3 Qc4 26. Qe3 Rfd8 27. Nd4 e6
28. h4 a6 29. h5 b5 30. hxg6 hxg6 31. Qf4 Rh8 32. Nd1 Qa2 33. Rc1 Rc4 1/2-1/2